Избранные произведения: в 3 т: пер. с англ.
| Автор: | |
|---|---|
| Мова: | Російська |
| Опубліковано: |
Москва, Республика, 1992-
|
| Формат: | Книга |
| KOHA link: | https://koha.lib.tpu.ru/cgi-bin/koha/opac-detail.pl?biblionumber=86826 |
MARC
| LEADER | 00000nam1a2200000 4500 | ||
|---|---|---|---|
| 001 | 86826 | ||
| 005 | 20231031101914.0 | ||
| 010 | |a 5250019080 | ||
| 035 | |a (RuTPU)RU\TPU\book\93227 | ||
| 090 | |a 86826 | ||
| 100 | |a 20051130d1992 m y0rusy50 ca | ||
| 101 | 1 | |a rus |c eng | |
| 102 | |a RU | ||
| 200 | 1 | |a Избранные произведения |e в 3 т: пер. с англ. |f Р. Л. Стивесон | |
| 210 | |a Москва |c Республика |d 1992- | ||
| 700 | 1 | |a Стивесон |b Р. Л. |g Роберт Луис | |
| 801 | 1 | |a RU |b 63413507 |c 20051130 |g PSBO | |
| 942 | |c BK | ||